000 00458ntaaa2200181 4500
003 01
005 20251027202053.0
008 0714s1973 ag 01
040 _aAR-BaBN
_bspa
_cAR-BaBN
_eaacr
_dRIC
082 _a252.0000 F75
100 _aFord, W. Hershel
_919270
245 _aSencillos sermones doctrinales
250 _a1 ed.
260 _aEl Paso :
_bCasa Bautista de Publicaciones,
_c1959
300 _a184 p
650 _asermones
_9362
942 _cBK
999 _c15528
_d15528